000 00450nam a22001577a 4500
020 _a9789332542884
040 _cNUST
082 _a621.395 WES
100 _aWeste, Neil H.E.
_953484
110 _aHarris, David Money
_991783
245 _aCMOS VLSI Design
_bA Circuits and Systems Perspective
250 _a4th Edition
260 _aNew Delhi:
_bPearson Education,
_c2016.
650 _aDEE TEXTBOOK. CMOS VLSI DESIGN
_991784
942 _2ddc
_cTEXT
999 _c589912
_d589912